| 000 | 01382cam a22003737a 4500 | ||
|---|---|---|---|
| 003 | CHAP | ||
| 005 | 20220817043833.0 | ||
| 008 | 010926d2000 mx r 00110 spa d | ||
| 010 | _a85734 | ||
| 011 | _a86706 | ||
| 020 | _a9579539146 | ||
| 035 | _a97246 | ||
| 040 | _cCHAP | ||
| 082 | 0 | 0 |
_a338.162 _bK3 |
| 100 | 0 | 0 |
_aKao, Ching-Huei. _962701 |
| 245 | 1 | 0 |
_aIssues in the management of agricultural resources : _bproceedings of a Seminar in Conmemoration of FFTC's Anniversary _c/por Ching-Huei kao and William T.F. Chiu |
| 260 |
_aTaiwan : _bFood and Fertilizer Technology Center for the Asian and Pacific Region, _c2001. |
||
| 300 |
_a259 p. : _bilus. ; gráfs. |
||
| 590 |
_aBATCH-UPD _b10 _c20130110 _lUCH01 _h0747 |
||
| 590 |
_aBATCH-UPD _b10 _c20130410 _lUCH01 _h0428 |
||
| 590 |
_aBATCH-UPD _b10 _c20130913 _lUCH01 _h2222 |
||
| 590 |
_aCONVERSION _b10 _c20130109 _lUCH01 _h1348 |
||
| 650 | 1 | 4 | _aAgricultura sustentable. |
| 650 | 1 | 4 |
_aAgricultura _xInvestigacion _xAsia. _91582 |
| 650 | 1 | 4 |
_aAlimentos _xAbastecimiento _zAsia. _94148 |
| 650 | 1 | 4 |
_aAlimentos _xRendimiento. _94277 |
| 650 | 1 | 4 |
_aRecursos genéticos _xBibliografía. _995079 |
| 650 | 1 | 4 |
_aSistemas de cultivo _zAsia. _9106755 |
| 700 | 0 |
_aChiu, William T. F. _922637 |
|
| 901 | _aBK | ||
| 905 | _aAlejandra Carrasco M. | ||
| 942 | _cLIBRO | ||
| 949 |
_a338.162 K3 _bBC _cLIBRO _d33724000865135 _eLIBRO _h102560 _i97246 _si |
||
| 999 |
_c85734 _d85734 |
||